Statistiques concernant Prénoms de musiciens

Cliquez ici pour prendre le quiz!

Statistiques générales

  • Ce quiz a été pris 312 fois
  • Le résultat moyen est 11 sur 15

Statistiques - réponses

PrenomNom de Famille% Correct
ÉdithPiaf
99%
FranceGall
92%
LadyGaga
91%
JustinTimberlake
87%
VéroniqueSanson
87%
AmyWinehouse
85%
Jean-MichelJarre
77%
StevieWonder
75%
WhitneyHouston
73%
AliciaKeys
72%
KylieMinogue
69%
MauriceRavel
68%
JimiHendrix
59%
DianaRoss
57%
HectorBerlioz
53%

Distribution des résultats

Percentile par nombre de réponses

% des personnes avec chaque résultat

Votre développement - résultats

Vous n’avez pas pris ce quiz